Mrigajal (Record no. 233727)
[ view plain ]
| 000 -LEADER | |
|---|---|
| fixed length control field | 00705nam a22002057a 4500 |
| 005 - DATE AND TIME OF LATEST TRANSACTION | |
| control field | 20250207161442.0 |
| 008 - FIXED-LENGTH DATA ELEMENTS--GENERAL INFORMATION | |
| fixed length control field | 250207b ||||| |||| 00| 0 eng d |
| 040 ## - CATALOGING SOURCE | |
| Transcribing agency | AL |
| 041 ## - LANGUAGE CODE | |
| Language code of text/sound track or separate title | Konkani /Devanāgarī |
| 082 ## - DEWEY DECIMAL CLASSIFICATION NUMBER | |
| Edition number | 23 |
| Classification number | 891.463 |
| Item number | NAZM |
| 100 ## - MAIN ENTRY--PERSONAL NAME | |
| Personal name | Edward L Nazreth |
| 100 ## - MAIN ENTRY--PERSONAL NAME | |
| 9 (RLIN) | 198432 |
| 100 ## - MAIN ENTRY--PERSONAL NAME | |
| Dates associated with a name | एडवर्ड एल नज्रेत |
| 9 (RLIN) | 198307 |
| 245 ## - TITLE STATEMENT | |
| Title | Mrigajal |
| Remainder of title | मृगजल |
| 260 ## - PUBLICATION, DISTRIBUTION, ETC. | |
| Place of publication, distribution, etc. | Maharashtra |
| Name of publisher, distributor, etc. | Ashavadi Prakashana |
| Date of publication, distribution, etc. | 2025 |
| 300 ## - PHYSICAL DESCRIPTION | |
| Extent | 240 p, |
| Other physical details | PB |
| Dimensions | 21x14 cm. |
| 365 ## - TRADE PRICE | |
| Price type code | AP-J-04 |
| Price amount | ₹360.00 |
| Currency code | ₹ |
| Unit of pricing | ₹450.00 |
| Price note | 20% |
| Price effective from | 20-01-2025 |
| 650 ## - SUBJECT ADDED ENTRY--TOPICAL TERM | |
| Topical term or geographic name entry element | Konkani Fiction |
| 9 (RLIN) | 198308 |
| 700 ## - ADDED ENTRY--PERSONAL NAME | |
| Personal name | QUADROS(Valley) Ed Tr |
| Numeration | ಕ್ವಾಡ್ರಸ್ (ವಲ್ಲಿ) |
| 9 (RLIN) | 198309 |
| 942 ## - ADDED ENTRY ELEMENTS (KOHA) | |
| Source of classification or shelving scheme | Dewey Decimal Classification |
| Koha item type | Book |
| Withdrawn status | Lost status | Source of classification or shelving scheme | Damaged status | Not for loan | Collection code | Home library | Current library | Date acquired | Source of acquisition | Cost, normal purchase price | Total Checkouts | Full call number | Barcode | Date last seen | Cost, replacement price | Price effective from | Koha item type |
|---|---|---|---|---|---|---|---|---|---|---|---|---|---|---|---|---|---|
| Dewey Decimal Classification | Konkani | St Aloysius Library | St Aloysius Library | 02/04/2025 | Ashawadi Prakashan Maharashtra-400701 | 360.00 | 891.463 NAZM | 077585 | 02/07/2025 | 450.00 | 02/07/2025 | Book | |||||
| Dewey Decimal Classification | Konkani | St Aloysius Library | St Aloysius Library | 02/04/2025 | Ashawadi Prakashan Maharashtra-400701 | 360.00 | 891.463 NAZM | 077586 | 02/07/2025 | 450.00 | 02/07/2025 | Book | |||||
| Dewey Decimal Classification | Konkani | St Aloysius Library | St Aloysius Library | 02/04/2025 | Ashawadi Prakashan Maharashtra-400701 | 360.00 | 891.463 NAZM | 077587 | 02/07/2025 | 450.00 | 02/07/2025 | Book |